000 00683nam a22001937a 4500
003 DO-SdBNP
005 20210830135453.0
008 210823b 2018 dr 00| 0 eng d
020 _a9789945912289
040 _aDo-SdBNP
_bspa
_cBNPHU
100 1 _aCastillo, Julio César
_d1963-
_979529
245 1 3 _aEl arte de predicar :
_bética y estética de la predicación /
_cJulio César Castillo ; prólogo Silverio Manuel Bello Valenzuela
260 _aSanto Domingo :
_bPublicaciones Libertad,
_c2018.
300 _a273 p. ;
_c21 cm.
500 _aIncluye referencias bibliográficas y notas al pie de las páginas
590 _aInventariado, 2021/BT
910 _aBtavárez
942 _2ddc
_cLBS1
999 _c50242
_d50242